| 000 | 00703nam a2200253Ia 4500 | ||
|---|---|---|---|
| 003 | OSt | ||
| 005 | 20221005070209.0 | ||
| 006 | a|||||r|||| 00| 0 | ||
| 007 | ta | ||
| 008 | 221004b |||||||| |||| 00| 0 eng d | ||
| 024 | _a58926 | ||
| 037 | _cTextual | ||
| 040 |
_aCRL _cCRL _beng |
||
| 041 |
_2eng _aeng |
||
| 082 | _aNA2,9(Q2), 33J9 | ||
| 100 |
_aSrinivasan P R Au. _9605435 |
||
| 245 | 0 | _aDakshina bharatada devalayagalu | |
| 260 |
_aMysore _bGeetha book house India _c1959 |
||
| 650 | _a HINDUISM | ||
| 650 | _aARTS | ||
| 700 |
_a Srihari K N Tr. _9605436 |
||
| 942 |
_hNA2,9(Q2), 33J9 _cTEXL _2cc |
||
| 999 |
_c975827 _d975827 |
||